000 01532namaa2200349 i 4500
003 EG-GICUC
005 20260610122216.0
008 260610s2012 ua ||||gr|||| 000 1 ara d
017 _a2012 / 3452
_bدار الكتب والوثائق القومية(مصر)
020 _a9789772071326
040 _aEG-GiCUC
_bara
_cEG-GiCUC
_dEG-GiCUC
_erda
082 0 4 _221
_a398.5
_bS171
092 0 4 _221
_a398.5
_bS171
099 _a398.5 S171
100 1 _aسلام، فتحي عوض
_eمؤلف.
245 1 2 _aالسيرة الهلالية :
_bرواية من دلتا مصر : رواية /
_cللشاعر الشعبي فتحي عوض سلام ؛ جمع وتدوين وتوثيق أحمد بهي الدين العساسي.
264 _aالقاهرة :
_bالهيئة المصرية العامة للكتاب،
_c2012.
300 _a423 ؛ صفحة
_c24 سم
_bإيضاحيات، صور، مثيليات ؛ Illustrations
336 _2rdacontent
_atext
337 _2rdamedia
_aUnmediated
338 _2rdacarrier
_avolume
490 _aالثقافة الشعبية
_vالعدد 2
504 _aيشتمل على ارجاعات ببليوجرافية.
541 _aد. جابر عصفور ؛
_bالقاهرة ؛
_cإهداء ؛
_d2024.
650 1 _aالفصص الشعبية.
_2qrmak
650 1 _aالأدب الشعبي.
_2qrmak
650 1 _aالقصص العربية.
_2qrmak
651 1 _2qrmak
700 1 _aالعساسي، أحمد بهي الدين،
_d1982-
_eمجمع.
905 _aAsmaa
942 _2ddc
_cBK
_e21
_n0
999 _c180477
_d180477